Statistics for Top 20 countries by coastline (true answers)

Click here to take the quiz!

General Stats

  • This quiz has been taken 54 times
  • The average score is 17 of 20

Answer Stats

HintAnswer% Correct
33 379Brazil
98%
265 523Canada
98%
17 181India
98%
110 310Russia
98%
133 312USA
98%
66 530Australia
96%
95 181Indonesia
94%
78 563Chile
92%
19 717United Kingdom
92%
30 017China
91%
53 199Norway
91%
29 020Japan
89%
23 761Mexico
89%
17 209New Zealand
85%
15 147Greece
75%
33 900Philippines
72%
26 384Sweden
60%
31 119Finland
58%
20 197Papua New Guinea
55%
14 708Burma
32%

Score Distribution

Percentile by Number Answered

Percent of People with Each Score

Your Score History

You have not taken this quiz